| 000 | 00594nam a22001817a 4500 | ||
|---|---|---|---|
| 005 | 20251108164305.0 | ||
| 008 | 250721s9999 xx 000 0 ara d | ||
| 082 | 1 | 4 | _a629.225/كون |
| 100 | 1 | _aكونراد، يواقيم | |
| 245 | 1 | 0 | _aهندسة الجرارات / |
| 264 | 1 |
_aالقاهره : _bمؤسسة الاهرام، _c[19-]. |
|
| 300 | _a293ص : مصور : مصطلحات فنية | ||
| 490 | 0 | _aسلسلة الاسس التكنولوجية | |
| 650 | 1 | 7 | _aالجرارات |
| 700 | 1 |
_aنصار، محمد عبد المجيد _eترجمة |
|
| 942 |
_2ddc _cBK |
||
| 999 |
_c8488 _d8488 |
||